00673nam a2200193Ia 4500003000900000008004100009020002200050040001600072080001700088100002700105245010000132260003600232300001400268650002200282650002600304942000700330999001700337952012500354IN-BaIIA211028s9999 xx 000 0 eng d a978-0-12-356775-8 cIIA Library a530.145bHOU aHouse, J. E. 922304 0aFundamentals of quantum mechanicscJ. E. House  aSan DiegobAcademic Pressc1998 axv, 279p. aQuantum mechanics aQuantum physics92816 cBK c12740d12740 00104070aBANbBANcGENd1998-11-13g1299.00l0o530.145/ HOUp13657r2021-11-05v1299.00w1998-11-13yBKGRs. 1299.00